A Note on Aristotle's Theory of Identity (Record no. 527021)

000 -CABECERA
Campo de control de longitud fija 00480nab a2200145Ia 4500
003 - IDENTIFICADOR DEL NÚMERO DE CONTROL
Campo de control ES-SlBCS
005 - FECHA Y HORA DE LA ÚLTIMA TRANSACCIÓN
Campo de control 20230622162713.0
008 - CÓDIGOS DE INFORMACIÓN DE LONGITUD FIJA
Campo de control de longitud fija 140529s1974 xxu||||| |||| 00| 0 eng d
041 ## - CÓDIGO DE LENGUA
Código de lengua del texto/banda sonora o título independiente eng
100 1# - PUNTO DE ACCESO PRINCIPAL-NOMBRE DE PERSONA
Nombre de persona Hagdopoulos, Demetrius J.
9 (RLIN) 155807
245 02 - MENCIÓN DE TÍTULO
Título A Note on Aristotle's Theory of Identity
Mención de responsabilidad, etc. Demetrius J. Hagdopoulos
600 00 - PUNTO DE ACCESO ADICIONAL DE MATERIA-NOMBRE DE PERSONA
Nombre personal Aristóteles
Fechas asociadas con el nombre 384-322 a.C.
9 (RLIN) 13292
773 0# - ENLACE AL DOCUMENTO FUENTE
Título Philosophy and Phenomenological Research
Parte(s) relacionada(s) vol. 35, 1974, págs. 113-114
Número de control del registro relacionado Rev1411
942 ## - ENTRADA DE ELEMENTOS AGREGADOS (KOHA)
Koha [por defecto] tipo de item Artículos de revista
Holdings
Suprimido Perdido Estropeado No para préstamo Localización permanente Localización actual Localización en estantería Fecha adquisición Préstamos totales Fecha última consulta Fecha del precio de reemplazo Tipo de item de Koha
        San Esteban San Esteban Depósito de revistas 11/07/2014   11/07/2014 11/07/2014 Artículos de revista

Bibliotecas Dominicos Provincia Hispania, 2016

Con tecnología Koha